Sports Quiz

Random Sports Quiz

Tour de France: Best Luxembourgish Rider Quiz Stats

 Plays Quiz not verified by Sporcle

Score 0/82 Timer 14:00
0 Plays Today
Year Name % Correct
'03-'05no Luxembourgish riders
100%
19061 Luxembourgish rider who DNF
98.9%
19111 Luxembourgish rider who DNF
98.9%
'19-'21no Luxembourgish riders
98.9%
19221 Luxembourgish rider who DNF
98.9%
1923no Luxembourgish riders
98.9%
1930no Luxembourgish riders
98.9%
1931no Luxembourgish riders
98.9%
'33-'35no Luxembourgish riders
98.9%
19575 Luxembourgish riders who DNF
98.9%
19631 Luxembourgish rider who DNF
98.9%
1964no Luxembourgish riders
98.9%
19684 Luxembourgish riders who DNF
98.9%
'74-'77no Luxembourgish riders
98.9%
1980no Luxembourgish riders
98.9%
'85-'99no Luxembourgish riders
98.9%
2001no Luxembourgish riders
98.9%
2003no Luxembourgish riders
98.9%
20051 Luxembourgish rider who DNF
98.9%
20121 Luxembourgish rider who DNF
98.9%
2006Fränk Schleck
98.5%
2008Fränk Schleck
98.5%
2009Andy Schleck
98.5%
2010Andy Schleck
98.5%
2011Andy Schleck
98.5%
2013Andy Schleck
98.5%
2014Fränk Schleck
98.5%
2016Fränk Schleck
98.5%
Year Name % Correct
1965Johnny Schleck
97.8%
1967Johnny Schleck
97.8%
1970Johnny Schleck
97.8%
1972Johnny Schleck
97.8%
1973Johnny Schleck
97.8%
2018Bob Jungels
85.5%
2004Kim Kirchen
77.4%
2007Kim Kirchen
77.4%
1948Jean Kirchen
77%
1950Jean Kirchen
77%
2015Bob Jungels
75.2%
1955Charly Gaul
74.8%
1956Charly Gaul
74.8%
1958Charly Gaul
74.8%
1959Charly Gaul
74.8%
1961Charly Gaul
74.8%
1962Charly Gaul
74.8%
1907François Faber
48.9%
1908François Faber
48.9%
1909François Faber
48.9%
1910François Faber
48.9%
1912François Faber
48.9%
1913François Faber
48.9%
1914François Faber
48.9%
1924Nicolas Frantz
47.4%
1925Nicolas Frantz
47.4%
1926Nicolas Frantz
47.4%
1927Nicolas Frantz
47.4%
Year Name % Correct
1928Nicolas Frantz
47.4%
1929Nicolas Frantz
47.4%
1932Nicolas Frantz
47.4%
1978Lucien Didier
43.7%
1979Lucien Didier
43.7%
1981Lucien Didier
43.7%
1982Lucien Didier
43.7%
1983Lucien Didier
43.7%
1984Lucien Didier
43.7%
2017Ben Gastauer
41.4%
2000Benoît Joachim
40%
2002Benoît Joachim
40%
1949Jean Goldschmit
16.3%
1952Jean Goldschmit
16.3%
1936Pierre Clemens
13.3%
1938Mathias Clemens
13.3%
1939Mathias Clemens
13.3%
1937Arsène Mersch
8.9%
1947Jean Diederich
7.8%
1951Jean Diederich
7.8%
1953Marcel Ernzer
7%
1966Edy Schütz
6.7%
1969Edy Schütz
6.7%
1971Edy Schütz
6.7%
1954Willy Kemp
5.6%
1960Aldo Bolzan
4.8%

You're not logged in!

Compare scores with friends on all Sporcle quizzes.
OR
Log In

Show Comments

Extras

Top Quizzes Today


Score Distribution

Your Account Isn't Verified!

In order to create a playlist on Sporcle, you need to verify the email address you used during registration. Go to your Sporcle Settings to finish the process.

Report this User

Report this user for behavior that violates our Community Guidelines.

Details: